Statistiken für Großstädte Deutschlands

Klicken Sie hier um das Quiz zu spielen!

Allgemein

  • Dieses Quiz wurde 83 mal gespielt
  • Das Durchschnittsergebnis liegt bei 60 aus 82

Antwortstatistiken

EinwohnerzahlStadt% Korrekt
3.755.251Berlin
100%
773.068Frankfurt am Main
100%
1.892.122Hamburg
100%
1.512.491München
100%
1.084.831Köln
98%
569.396Bremen
97%
545.045Hannover
97%
632.865Stuttgart
97%
629.047Düsseldorf
95%
584.580Essen
95%
523.026Nürnberg
95%
593.317Dortmund
94%
563.311Dresden
92%
247.717Kiel
92%
220.552Mainz
92%
185.750Potsdam
90%
252.136Aachen
89%
336.465Bonn
89%
616.093Leipzig
89%
502.211Duisburg
87%
315.554Mannheim
87%
283.083Wiesbaden
87%
236.140Freiburg
85%
263.000Gelsenkirchen
85%
365.742Bochum
84%
301.033Augsburg
82%
248.563Chemnitz⁠
82%
214.969Erfurt
82%
239.364Magdeburg
82%
157.443Regensburg
82%
181.959Saarbrücken
82%
209.920Rostock
81%
125.961Wolfsburg
81%
128.928Ulm
79%
111.191Jena
77%
218.095Lübeck
77%
320.946Münster
77%
338.332Bielefeld
76%
251.804Braunschweig
76%
162.243Darmstadt
76%
242.083Halle
76%
141.029Ingolstadt
76%
308.707Karlsruhe
76%
174.265Ludwigshafen
76%
112.195Trier
76%
115.268Koblenz
74%
204.202Kassel
73%
165.748Leverkusen
73%
101.228Kaiserslautern
71%
131.433Fürth
69%
210.824Oberhausen
69%
167.366Osnabrück
69%
127.810Würzburg
69%
162.273Heidelberg
68%
268.465Mönchengladbach
68%
115.468Bremerhaven
66%
358.876Wuppertal
66%
172.830Oldenburg
65%
154.755Paderborn
65%
134.170Offenbach
63%
116.562Erlangen
61%
189.783Hagen
61%
118.946Göttingen
60%
180.849Hamm
60%
112.712Bergisch Gladbach
58%
160.643Solingen
58%
111.734Recklinghausen
56%
154.139Neuss
55%
102.560Siegen
53%
228.426Krefeld
52%
128.334Heilbronn
50%
172.404Mülheim
50%
104.548Salzgitter
50%
118.113Bottrop
48%
157.368Herne
48%
105.287Moers
48%
117.547Reutlingen
48%
101.364Hanau
44%
101.858Hildesheim
44%
102.393Gütersloh
42%
127.849Pforzheim
42%
112.613Remscheid
42%

Verteilung der Resultate

Perzentil nach korrekt beantworteten Fragen

Anzahl Personen mit jedem Resultat

Ihre Resultats-Entwicklung

Sie haben dieses Quiz noch nicht gespielt